000 02253nam a22002657a 4500
999 _c60191
_d60191
003 Ge_BSU
005 20230616115820.0
008 230616s2017 ge ||||| |||| 00| 0 geo d
020 _a9789941098307
041 _ageo
080 _a94(479.22)(075.8)+39(479.22) თ-77
100 _aთოფჩიშვილი, როლანდ
_94620
245 _aსაქართველოს ისტორიულ-ეთნოგრაფიული მხარეები /
_cროლანდ თოფჩიშვილი; რედაქტორები: ნათია ჯალაბაძე, თეიმურაზ გვიმრაძე, გიორგი ჭეიშვილი; საქ. პარლამენტის ეროვნული ბიბ-კა, ივანე ჯავახიშვილის სახ. თბილისის სახელმწ. უნ-ტი.
264 _aთბილისი :
_bსაჩინო,
_c2017.
300 _a515 გვ.:
_b1 ფ. დაკეც. რუკა ;
_c24 სმ.
500 _aეძღვნება ქართული ეთნოლოგიური მეცნიერების ორი შესანიშნავი წარმომადგენლის თინათინ ოჩიაურისა (1920-2010) და ჯულიეტა რუხაძის (1921-2012) ნათელ ხსოვნას.
504 _aბიბლიოგრ. ტექსტის შენიშვნებში
653 _aსაქართველოს ისტორია
653 _aსაქართველოს ეთნოგრაფია
700 _aჯალაბაძე, ნათია
_eრედაქტორი
_917611
700 _aგვიმრაძე, თეიმურაზ
_eრედაქტორი
_918759
700 _aჭეიშვილი, გიორგი
_eრედაქტორი
_918760
710 _aსაქ. პარლამენტის ეროვნული ბიბ-კა.
_bივანე ჯავახიშვილის სახ. თბილისის სახელმწ. უნ-ტი.
_918761
942 _2udc
_cBK